Statistics for Greek and Roman God Scramble

Click here to take the quiz!

General Stats

  • This quiz has been taken 165 times
  • The average score is 15 of 20

Answer Stats

God% Correct
Mars
96%
Juno
92%
Zeus
92%
Ares
89%
Hera
89%
Venus
88%
Apollo
84%
Pluto
83%
Jupiter
81%
Demeter
80%
Diana
79%
Vulcan
79%
Ceres
76%
Athena
75%
Hermes
75%
Dionysus
74%
Mercury
71%
Neptune
70%
Vesta
70%
Hades
68%
Hestia
67%
Hephaestus
64%
Minerva
63%
Poseidon
63%
Bacchus
62%
Aphrodite
54%
Artemis
41%

Score Distribution

Percentile by Number Answered

Percent of People with Each Score

Your Score History

You have not taken this quiz